| 000 | 00698nmm a22002057a 4500 | ||
|---|---|---|---|
| 005 | 20161104111243.0 | ||
| 008 | 150727b xxu||||| |||| 00| 0 spa d | ||
| 041 | _aEspañol | ||
| 082 | _aTU 6 | ||
| 100 |
_aHernández Salazar, Karla _930434 |
||
| 100 |
_aRodríguez Loría, Alejandra _930435 |
||
| 245 | _aDiagnóstico de Certificado de Sostenibilidad Turística y práctica profesional para el Hotel Arenal Lodge, La Fortuna de San Carlos | ||
| 260 | _c2011 | ||
| 650 |
_aCOSTA RICA _930436 |
||
| 650 |
_aTURISMO _9894 |
||
| 650 |
_aCERTIFICADO DE SOSTENIBILIDAD TURISTICA _93661 |
||
| 650 |
_aHOTEL ARENAL LODGE _930437 |
||
| 650 |
_aPLAN NACIONAL DE TURISMO 2002- 2012 _930438 |
||
| 942 | _cCD | ||
| 999 |
_c6591 _d6591 |
||